[Event "New England Masters"]
[Site "Pawtucket"]
[Date "2008.08.16"]
[Round "8"]
[White "Panjwani, Raja"]
[Black "Enkin, Max"]
[Result "1-0"]
[WhiteElo "2310"]
[BlackElo "2262"]
[PlyCount "81"]
[EventDate "2008.08.11"]
[EventType "swiss"]
[EventRounds "9"]
[EventCountry "USA"]
[SourceTitle "CBM 125 Extra"]
[Source "ChessBase"]
[SourceDate "2008.09.01"]
[SourceVersion "1"]
[SourceVersionDate "2008.09.01"]
[SourceQuality "1"]

1. e4 c5 2. Nf3 Nf6 3. Nc3 e6 4. d4 cxd4 5. Nxd4 d6 6. Be2 Be7 7. f4 Nc6 8. Be3 0-0 9. Qd2 e5 10. Nb3 a5 11. a4 exf4 12. Bxf4 Be6 13. Nd4 Qb6 14. Ndb5 Nb4 15. Bf3 Rac8 16. 0-0-0 Nd7 17. Bg5 Bxg5 18. Qxg5 Ne5 19. Be2 Rc6 20. Qd2 Rfc8 21. Qd4 Qxd4 22. Rxd4 Na2+ 23. Kb1 Nxc3+ 24. Nxc3 Kf8 25. Bb5 Rb6 26. Nd5 Bxd5 27. exd5 Ke7 28. c4 Rc5 29. Re1 f6 30. Ka2 Kd8 31. b4 Rbxb5 32. axb5 axb4 33. Kb3 Kc7 34. Ra1 Kb6 35. Ra8 Rc7 36. Rd8 Kc5 37. b6 Re7 38. Re4 f5 39. Rc8+ Kxb6 40. c5+ dxc5 41. d6 1-0

[Event "New England Masters"]
[Site "Pawtucket"]
[Date "2008.08.13"]
[Round "5"]
[White "Enkin, Max"]
[Black "Meredith, Matthew"]
[Result "1/2-1/2"]
[WhiteElo "2262"]
[BlackElo "2044"]
[PlyCount "101"]
[EventDate "2008.08.11"]
[EventType "swiss"]
[EventRounds "9"]
[EventCountry "USA"]
[SourceTitle "CBM 125 Extra"]
[Source "ChessBase"]
[SourceDate "2008.09.01"]
[SourceVersion "1"]
[SourceVersionDate "2008.09.01"]
[SourceQuality "1"]

1. e4 c5 2. Nf3 g6 3. d4 cxd4 4. Qxd4 Nf6 5. e5 Nc6 6. Qa4 Nd5 7. Qe4 Ndb4 8. Bb5 Qa5 9. Nc3 d5 10. exd6 Bf5 11. Qe5 Nxc2+ 12. Ke2 0-0-0 13. Qxh8 Nxa1 14. Rd1 exd6 15. Qxh7 Bc2 16. Qxf7 Bxd1+ 17. Kxd1 Ne5 18. Qd5 Qb4 19. Bg5 Qxb2 20. Qd2 Qxd2+ 21. Nxd2 Ng4 22. Bxd8 Kxd8 23. Be2 Nxf2+ 24. Ke1 Bg7 25. Nb5 a6 26. Nxd6 Bd4 27. Nxb7+ Kc7 28. Na5 Nc2+ 29. Kf1 Ng4 30. Bxg4 Ne3+ 31. Ke2 Nxg4 32. h3 Ne5 33. Nac4 Nc6 34. Kd3 Bf6 35. Ke4 Nb4 36. a3 Nc2 37. Kd5 Ne1 38. g3 g5 39. Ne4 Be7 40. Ke6 Bd8 41. Ne5 Nc2 42. Nf7 Nxa3 43. Nxd8 Kxd8 44. Nc5 Nc2 45. Nxa6 Nd4+ 46. Kf6 Ne2 47. g4 Nf4 48. Kxg5 Nxh3+ 49. Kf5 Ke7 50. Nc5 Kf7 51. Ne4 1/2-1/2

[Event "New England Masters"]
[Site "Peabody"]
[Date "2007.08.17"]
[Round "8"]
[White "Shankland, Samuel L"]
[Black "Enkin, Max"]
[Result "1/2-1/2"]
[WhiteElo "2166"]
[BlackElo "2213"]
[PlyCount "93"]
[EventDate "2007.08.13"]
[EventType "swiss"]
[EventRounds "9"]
[EventCountry "USA"]
[SourceTitle "CBM 119 Extra"]
[Source "ChessBase"]
[SourceDate "2007.09.04"]
[SourceVersion "1"]
[SourceVersionDate "2007.09.04"]
[SourceQuality "1"]

1. e4 c5 2. Nf3 d6 3. d4 cxd4 4. Nxd4 Nf6 5. Nc3 e6 6. Be3 Be7 7. f4 Nc6 8. Qf3 e5 9. Nxc6 bxc6 10. fxe5 dxe5 11. Bc4 0-0 12. h3 Be6 13. Bxe6 fxe6 14. Qe2 Bb4 15. Bd2 Qb6 16. 0-0-0 Rab8 17. Qc4 Ba3 18. Qxe6+ Kh8 19. Qb3 Bxb2+ 20. Kxb2 Qf2 21. g4 a5 22. Rhf1 Qa7 23. g5 Rxb3+ 24. axb3 Nd7 25. Be3 Qxe3 26. Rxd7 Rb8 27. h4 Qh3 28. Rff7 Qxh4 29. Rxg7 Rg8 30. Rge7 Rxg5 31. Re8+ Rg8 32. Rxe5 Qf6 33. Ree7 Qg6 34. Ra7 h5 35. Rxa5 Re8 36. Rd7 h4 37. Rd3 Qg4 38. Ra1 Re7 39. Rh1 Rh7 40. Rd8+ Kg7 41. Ra1 Qe6 42. Rg1+ Kh6 43. Rdg8 Kh5 44. R8g5+ Kh6 45. R5g4 Kh5 46. Rg5+ Kh6 47. R5g4 1/2-1/2

[Event "USA-chT Amateur East"]
[Site "Parsippany"]
[Date "2007.02.18"]
[Round "3"]
[White "Enkin, Max"]
[Black "Mirabile, Tim"]
[Result "1-0"]
[WhiteElo "2233"]
[BlackElo "2192"]
[PlyCount "59"]
[EventDate "2007.02.17"]
[EventType "team"]
[EventRounds "6"]
[EventCountry "USA"]
[SourceTitle "CBM 117 Extra"]
[Source "ChessBase"]
[SourceDate "2007.05.09"]
[SourceVersion "1"]
[SourceVersionDate "2007.05.09"]
[SourceQuality "1"]

1. e4 c5 2. Nf3 d6 3. Bb5+ Bd7 4. Bxd7+ Nxd7 5. 0-0 Ngf6 6. Qe2 e6 7. b3 Be7 8. Bb2 0-0 9. c4 e5 10. Ne1 Nb8 11. f4 Nc6 12. Nc2 Nd4 13. Bxd4 exd4 14. d3 Nd7 15. Nd2 Bf6 16. b4 b6 17. Rae1 Qe7 18. Qg4 g6 19. Nf3 Kh8 20. Re2 Rg8 21. Rfe1 Qe6 22. Qg3 h6 23. h4 h5 24. e5 dxe5 25. fxe5 Be7 26. Re4 a5 27. Nfxd4 cxd4 28. Nxd4 Bxb4 29. Nxe6 Bxe1 30. Qf4 1-0

[Event "Sudbury Fall Classic op"]
[Site "Marlborough"]
[Date "2006.10.21"]
[Round "2"]
[White "Enkin, Max"]
[Black "Curdo, John"]
[Result "0-1"]
[WhiteElo "2234"]
[BlackElo "2208"]
[PlyCount "64"]
[EventDate "2006.10.20"]
[EventType "swiss"]
[EventRounds "5"]
[EventCountry "USA"]
[SourceTitle "EXT 2007"]
[Source "ChessBase"]
[SourceDate "2006.11.23"]
[SourceVersion "1"]
[SourceVersionDate "2006.11.23"]
[SourceQuality "1"]

1. c4 f5 2. Nc3 Nf6 3. g3 Nc6 4. Bg2 e5 5. d3 Bc5 6. e3 0-0 7. Nge2 d6 8. 0-0 a6 9. b3 Qe8 10. Nd5 Nxd5 11. cxd5 Ne7 12. d4 Bb6 13. dxe5 dxe5 14. a4 Rf6 15. Bb2 Ng6 16. Qc2 Rf7 17. h4 Bd7 18. Qc3 h5 19. Bf3 Qe7 20. Bxh5 Rf6 21. Bxg6 Rxg6 22. h5 Rg4 23. Qxe5 Qg5 24. Kg2 Re8 25. Qc3 Bxe3 26. Qxc7 Bb6 27. Qxd7 Rxe2 28. Qc8+ Kh7 29. Qc3 Bd4 30. Qf3 Rxb2 31. Rae1 Rc2 32. Re6 Rc3 0-1

[Event "New York State-ch 128th"]
[Site "Colonie"]
[Date "2006.09.04"]
[Round "5"]
[White "Nikolayev, Igor"]
[Black "Enkin, Max"]
[Result "1-0"]
[WhiteElo "2350"]
[BlackElo "2247"]
[PlyCount "61"]
[EventDate "2006.09.02"]
[EventType "swiss"]
[EventRounds "6"]
[EventCountry "USA"]
[SourceTitle "CBM 114 Extra"]
[Source "ChessBase"]
[SourceDate "2006.11.03"]
[SourceVersion "1"]
[SourceVersionDate "2006.11.03"]
[SourceQuality "1"]

1. e4 c6 2. d4 d5 3. Nd2 dxe4 4. Nxe4 Bf5 5. Ng3 Bg6 6. Nh3 e5 7. dxe5 Qa5+ 8. c3 Qxe5+ 9. Be2 Nd7 10. 0-0 Ne7 11. Re1 0-0-0 12. Bf3 Qc7 13. Qa4 a6 14. Bf4 Qb6 15. b4 Nf6 16. Be3 Qb5 17. Qb3 Bd3 18. Nf4 Ned5 19. Nxd3 Qxd3 20. Bd4 Bd6 21. Ne4 Nxe4 22. Bxe4 Qd2 23. g3 Bc7 24. f4 Nxf4 25. gxf4 Qxf4 26. Qc2 f6 27. Qf2 Qh6 28. Be3 g5 29. Ba7 Rd6 30. Bf5+ Kd8 31. Rad1 1-0

[Event "World op 34th"]
[Site "Philadelphia"]
[Date "2006.07.01"]
[Round "4"]
[White "Hook, William"]
[Black "Enkin, Max"]
[Result "1/2-1/2"]
[WhiteElo "2109"]
[BlackElo "2247"]
[PlyCount "96"]
[EventDate "2006.06.28"]
[EventType "swiss"]
[EventRounds "9"]
[EventCountry "USA"]
[SourceTitle "CBM 112 Extra"]
[Source "ChessBase"]
[SourceDate "2006.07.14"]
[SourceVersion "1"]
[SourceVersionDate "2006.07.14"]
[SourceQuality "1"]

1. Nf3 Nf6 2. b3 g6 3. Bb2 Bg7 4. c4 0-0 5. g3 d6 6. d4 c6 7. Bg2 Nbd7 8. 0-0 Qc7 9. Nc3 e5 10. dxe5 dxe5 11. Ba3 Re8 12. Bd6 Qd8 13. Qc2 Nh5 14. e4 Qf6 15. Rad1 Bf8 16. Qd2 Nc5 17. Bxf8 Kxf8 18. Qd6+ Qxd6 19. Rxd6 a5 20. Rfd1 Bg4 21. h3 Bxf3 22. Bxf3 Ng7 23. h4 Nge6 24. R6d2 Nd4 25. Kg2 Rad8 26. Bg4 Ke7 27. f3 Rf8 28. Kf2 f5 29. exf5 gxf5 30. Bh3 Nce6 31. Ne2 Nxe2 32. Rxd8 Nxd8 33. Kxe2 Ne6 34. Kf2 Nd4 35. f4 Kf6 36. fxe5+ Kxe5 37. Re1+ Kf6 38. Bg2 Rd8 39. Rd1 Ne6 40. Rxd8 Nxd8 41. Ke3 Ke5 42. a3 Ne6 43. b4 axb4 44. axb4 c5 45. bxc5 Nxc5 46. Bd5 h6 47. Bf7 b6 48. Kf3 Ne4 1/2-1/2

[Event "New England op 65th"]
[Site "Boxborough"]
[Date "2005.09.04"]
[Round "3"]
[White "Klegon, Matthew L"]
[Black "Enkin, Max"]
[Result "0-1"]
[WhiteElo "2076"]
[BlackElo "2211"]
[PlyCount "66"]
[EventDate "2005.09.03"]
[EventType "swiss"]
[EventRounds "6"]
[EventCountry "USA"]
[SourceTitle "CBM 108 Extra"]
[Source "ChessBase"]
[SourceDate "2005.11.04"]
[SourceVersion "1"]
[SourceVersionDate "2005.11.04"]
[SourceQuality "1"]

1. d4 Nf6 2. c4 g6 3. Nc3 d5 4. cxd5 Nxd5 5. e4 Nxc3 6. bxc3 Bg7 7. Bc4 c5 8. Ne2 0-0 9. 0-0 Nc6 10. Be3 Bg4 11. f3 Na5 12. Bd3 cxd4 13. cxd4 Be6 14. d5 Bxa1 15. Qxa1 f6 16. Bh6 Re8 17. Qd4 Bd7 18. Rb1 b5 19. e5 fxe5 20. Qxe5 Qb6+ 21. Be3 Qf6 22. Qc7 Bf5 23. Be4 Nc4 24. Bf4 a6 25. g4 Rec8 26. Bxf5 Rxc7 27. Be6+ Kg7 28. Bxc7 Qxf3 29. Rf1 Qe3+ 30. Kh1 Rf8 31. Nf4 Qe4+ 32. Kg1 Ne3 33. d6 Rxf4 0-1

[Event "Wch U16"]
[Site "Belfort"]
[Date "2005.07.21"]
[Round "3"]
[White "Ronchetti, Niccolo"]
[Black "Enkin, Max"]
[Result "1/2-1/2"]
[WhiteElo "2395"]
[BlackElo "2211"]
[PlyCount "132"]
[EventDate "2005.07.19"]
[EventType "swiss"]
[EventRounds "11"]
[EventCountry "FRA"]
[SourceTitle "CBM 107 Extra"]
[Source "ChessBase"]
[SourceDate "2005.09.01"]
[SourceVersion "1"]
[SourceVersionDate "2005.09.01"]
[SourceQuality "1"]

1. e4 c6 2. d4 d5 3. exd5 cxd5 4. c4 Nf6 5. Nc3 e6 6. Nf3 Bb4 7. cxd5 Nxd5 8. Qc2 Nc6 9. a3 Ba5 10. Bd3 Nxc3 11. bxc3 Nxd4 12. Nxd4 Qxd4 13. Bb5+ Bd7 14. 0-0 Qd5 15. c4 Qf5 16. Bxd7+ Kxd7 17. Qb3 b6 18. a4 Rhd8 19. Ba3 Kc7 20. c5 Qd3 21. cxb6+ axb6 22. Qb2 f6 23. Rab1 Rd5 24. Bb4 Qd4 25. Qc2+ Kb7 26. Bxa5 Raxa5 27. Qxh7 Rg5 28. g3 Qd7 29. Qe4+ Qc6 30. Qd4 Rgd5 31. Qg4 Rg5 32. Qd4 Rgd5 33. Qe3 Re5 34. Qb3 Rac5 35. Rb2 Rc3 36. Qb4 Qc5 37. Qg4 g5 38. Qd1 Rd5 39. Qa1 g4 40. Rfb1 Rc4 41. a5 Qxa5 42. Qxa5 Rxa5 43. Rxb6+ Kc7 44. Rxe6 Rc6 45. Re7+ Kd6 46. Rbe1 Ra1 47. R7e6+ Kd5 48. Kg2 Rxe6 49. Rxa1 Ke4 50. Ra8 Rc6 51. Ra3 Rc4 52. Ra8 Rc6 53. Rg8 f5 54. Rf8 Ke5 55. h3 gxh3+ 56. Kxh3 Rh6+ 57. Kg2 Ra6 58. f3 Ra3 59. Kf2 Ra2+ 60. Ke3 Rb2 61. Rf7 Ke6 62. Rf8 Ke5 63. Ra8 Rc2 64. Ra4 Rb2 65. g4 fxg4 66. Rxg4 Kf5 1/2-1/2

[Event "World op 31st"]
[Site "Philadelphia"]
[Date "2003.07.02"]
[Round "3"]
[White "Alexopoulos, Georgios"]
[Black "Enkin, Max"]
[Result "1-0"]
[WhiteElo "2249"]
[BlackElo "2127"]
[PlyCount "163"]
[EventDate "2003.06.30"]
[EventType "swiss"]
[EventRounds "9"]
[EventCountry "USA"]
[SourceTitle "EXT 2004"]
[Source "ChessBase"]
[SourceDate "2003.11.25"]
[SourceVersion "1"]
[SourceVersionDate "2003.11.25"]
[SourceQuality "1"]

1. e4 c6 2. d4 d5 3. e5 Bf5 4. Nf3 e6 5. Be2 Nd7 6. 0-0 Ne7 7. Nh4 Qb6 8. c4 Bg6 9. Be3 Rc8 10. Nd2 Qd8 11. Qb3 b6 12. Rac1 dxc4 13. Rxc4 b5 14. Rcc1 Nd5 15. Nxg6 hxg6 16. a4 a6 17. axb5 axb5 18. h3 Be7 19. Ne4 0-0 20. Rc2 N7b6 21. Nc5 Bxc5 22. Rxc5 Nd7 23. Rc2 Qe7 24. Rfc1 Nb4 25. Rc3 Nb6 26. Rc5 N6d5 27. Bd2 Na6 28. Rxc6 Rxc6 29. Rxc6 Nac7 30. Ba5 Ra8 31. Bxc7 Nxc7 32. Bxb5 Rb8 33. Rc5 Na6 34. Rc6 Qb7 35. Qc4 Qxb5 36. Qxb5 Rxb5 37. Rxa6 Rxb2 38. Ra8+ Kh7 39. Ra7 Kg8 40. Ra8+ Kh7 41. Rf8 Rb7 42. f3 g5 43. Kf2 Kg6 44. Ke3 Rb1 45. Rd8 Rg1 46. g4 Rh1 47. Rd6 Rxh3 48. d5 Rh1 49. dxe6 fxe6 50. Rxe6+ Kf7 51. Ra6 Re1+ 52. Kd4 g6 53. Ra7+ Ke6 54. Ra6+ Kf7 55. Rf6+ Kg7 56. Kd5 Ra1 57. Rc6 Ra7 58. Ke6 Rf7 59. Rc3 Ra7 60. Rd3 Ra6+ 61. Ke7 Ra7+ 62. Rd7 Ra5 63. e6 Ra3 64. Kd6+ Kf8 65. Rf7+ Ke8 66. Rf6 Rd3+ 67. Ke5 Re3+ 68. Kd4 Re1 69. Rxg6 Ke7 70. Rxg5 Rxe6 71. Re5 Kf6 72. Rxe6+ Kxe6 73. f4 Kd6 74. g5 Ke6 75. Ke4 Kf7 76. f5 Ke7 77. Ke5 Kf7 78. g6+ Kg7 79. Ke6 Kf8 80. f6 Kg8 81. g7 Kh7 82. Kf7 1-0

[Event "Foxwoods op 05th"]
[Site "Connecticut"]
[Date "2003.04.18"]
[Round "2"]
[White "Shibut, Macon A"]
[Black "Enkin, Max"]
[Result "1-0"]
[WhiteElo "2329"]
[BlackElo "2127"]
[PlyCount "61"]
[EventDate "2003.04.17"]
[EventType "swiss"]
[EventRounds "7"]
[EventCountry "USA"]
[SourceTitle "CBM 093 Extra"]
[Source "ChessBase"]
[SourceDate "2003.05.09"]
[SourceVersion "1"]
[SourceVersionDate "2003.05.09"]
[SourceQuality "1"]

1. e4 Nf6 2. Nc3 d5 3. d4 dxe4 4. f3 e3 5. Bxe3 Bf5 6. Bc4 c6 7. Nge2 e6 8. Nf4 Bd6 9. Qd2 h6 10. 0-0-0 Nbd7 11. g4 Nb6 12. Bb3 Bh7 13. Rhe1 Bxf4 14. Bxf4 Qd7 15. Bg3 Nbd5 16. Ne4 Nxe4 17. fxe4 Nf6 18. Qf4 0-0 19. h4 a5 20. a3 a4 21. Ba2 b5 22. Qf3 b4 23. g5 Ne8 24. gxh6 g6 25. axb4 Qe7 26. d5 exd5 27. exd5 Qxb4 28. dxc6 a3 29. bxa3 Rxa3 30. Bxf7+ Rxf7 31. Rxe8+ 1-0

[Event "Queen City op 27th"]
[Site "Manchester"]
[Date "2003.02.22"]
[Round "2"]
[White "Curdo, John"]
[Black "Enkin, Max"]
[Result "1-0"]
[WhiteElo "2253"]
[BlackElo "2038"]
[PlyCount "117"]
[EventDate "2003.??.??"]
[EventType "swiss"]
[EventRounds "4"]
[EventCountry "USA"]
[SourceTitle "EXT 2005"]
[Source "ChessBase"]
[SourceDate "2004.11.15"]
[SourceVersion "1"]
[SourceVersionDate "2004.11.15"]
[SourceQuality "1"]

1. f4 d5 2. Nf3 c5 3. g3 g6 4. Bg2 Bg7 5. d3 Nc6 6. 0-0 Nf6 7. c3 0-0 8. Nh4 d4 9. e4 e5 10. f5 dxc3 11. bxc3 c4 12. dxc4 Na5 13. Qxd8 Rxd8 14. Bg5 Rf8 15. Na3 b6 16. Rad1 Ba6 17. Nb5 Rac8 18. fxg6 fxg6 19. Bh3 Rc6 20. Nxa7 Rc7 21. Be6+ Kh8 22. Nb5 Bxb5 23. cxb5 Nxe4 24. Bd8 Rxc3 25. Bxb6 Nc4 26. Ba7 Ncd2 27. Rxf8+ Bxf8 28. Bd5 Rc2 29. Bxe4 Nxe4 30. a4 Ra2 31. Rd8 Kg7 32. Nf3 Rxa4 33. Bb8 Ra1+ 34. Kg2 Ra2+ 35. Kh1 Nf2+ 36. Kg1 Nh3+ 37. Kh1 e4 38. Nd4 Nf2+ 39. Kg1 Nh3+ 40. Kf1 Bb4 41. Be5+ Kh6 42. Ne2 Ra5 43. Rd4 Rxb5 44. Rxe4 g5 45. Nd4 Rc5 46. Kg2 g4 47. Bd6 Rc1 48. Ne2 Bxd6 49. Nxc1 Kg5 50. Rd4 Bf8 51. Rd5+ Kg6 52. Nd3 Bg7 53. Kf1 h5 54. Ke2 Bf6 55. Ke3 Bg5+ 56. Ke4 h4 57. Ne5+ Kh5 58. Kf5 Nf2 59. Rd7 1-0

[Event "New England op 61st"]
[Site "Springfield"]
[Date "2001.09.01"]
[Round "1"]
[White "Terrie, Henry L"]
[Black "Enkin, Max"]
[Result "1-0"]
[WhiteElo "2223"]
[BlackElo "2029"]
[PlyCount "91"]
[EventDate "2001.09.??"]
[EventType "swiss"]
[EventRounds "6"]
[EventCountry "USA"]
[SourceTitle "EXT 2005"]
[Source "ChessBase"]
[SourceDate "2004.11.15"]
[SourceVersion "1"]
[SourceVersionDate "2004.11.15"]
[SourceQuality "1"]

1. c4 Nf6 2. Nc3 d5 3. cxd5 Nxd5 4. Nf3 g6 5. e4 Nxc3 6. dxc3 Qxd1+ 7. Kxd1 Bg4 8. Be2 Nc6 9. h3 0-0-0+ 10. Kc2 Bxf3 11. Bxf3 e5 12. Be3 Bd6 13. Be2 f5 14. f3 f4 15. Bf2 Kb8 16. b4 g5 17. Bc4 Ne7 18. Rhd1 h5 19. Kb3 Ng8 20. Bc5 Nf6 21. Bxd6 Rxd6 22. Rxd6 cxd6 23. Rd1 Kc7 24. Be6 Rh7 25. c4 b6 26. c5 bxc5 27. bxc5 dxc5 28. Kc4 Re7 29. Bf5 Kc6 30. Rd8 Rb7 31. Rf8 Nd7 32. Rc8+ Kd6 33. Rd8 Rb4+ 34. Kc3 Rb7 35. Bxd7 Rxd7 36. Rg8 Ke6 37. Rg6+ Kf7 38. Rxg5 Kf6 39. h4 Rh7 40. Kc4 Rh8 41. a4 a5 42. Kxc5 Rb8 43. Rxh5 Rb4 44. Rh6+ Kg7 45. Ra6 Rxa4 46. Kd5 1-0

[Event "Harry Lyman op 4th"]
[Site "Framingham"]
[Date "2001.01.28"]
[Round "4"]
[White "Enkin, Max"]
[Black "Chubinsky, Peter"]
[Result "1/2-1/2"]
[WhiteElo "1990"]
[BlackElo "2169"]
[PlyCount "64"]
[EventDate "2001.01.??"]
[EventType "swiss"]
[EventRounds "5"]
[EventCountry "USA"]
[SourceTitle "EXT 2005"]
[Source "ChessBase"]
[SourceDate "2004.11.15"]
[SourceVersion "1"]
[SourceVersionDate "2004.11.15"]
[SourceQuality "1"]

1. e4 c5 2. Nf3 e6 3. d4 cxd4 4. Nxd4 a6 5. c4 Qc7 6. Nc3 Nf6 7. Be3 Bb4 8. Bd3 0-0 9. 0-0 Bxc3 10. bxc3 d6 11. Bg5 Nbd7 12. f4 b6 13. Qe2 Bb7 14. Rae1 h6 15. Bh4 Nh7 16. Rf3 Nc5 17. Bc2 Bc8 18. Rg3 e5 19. fxe5 dxe5 20. Nf5 Bxf5 21. exf5 f6 22. Qh5 Kh8 23. Rg6 Rad8 24. Bf2 Nd3 25. Bxd3 Rxd3 26. h4 Qxc4 27. Be3 Qc7 28. Rg3 e4 29. Qg6 Rxc3 30. Bf4 Qc5+ 31. Ree3 Ng5 32. hxg5 fxg5 1/2-1/2